00366cam a2200145ua 4500020000900000041001000009082002100019100002100040245006200061250001200123260005900135300001200194365000900206504000500215 c4.37 aengh a539.5352bRUM/IN aRumyantsev, M . aIndustrial radiology / cS Rumyantsev.hTextual Documents a1 / b. aMoscow : bForeign Language Publishing House , c1961. a276 ; . a4.37 a